Colecção de História Natural Desenho Biológico (Record no. 45290)

MARC details
000 -Etiqueta do registo
Valores 00446nam a2200157 4500
100 ## - Dados gerais de processamento
Dados gerais 20251210 pory50
101 ## - Língua de publicação
Língua por
102 ## - País de publicação
País PT
200 ## - Titulo e menção de responsabilidade
Título próprio Colecção de História Natural Desenho Biológico
Informação de outro título Museu do mar Rei D. Carlos Cascais
Primeira menção de responsabilidade il. Nuno Miranda
210 ## - Publicação
Local de publicação Cascais
Nome do editor Câmara Municipal de Cascais
Data de publicação [s.d.]
215 ## - Descrição física 
Paginação / Volumes 1 cx c. 6 il.
Outras indicações físicas il.
675 ## - CDU
Notação 59(084)
801 ## - Fonte de origem
País PT
Regras de catalogação RPC
990 ## - Elementos KOHA
Tipo de documento Livro
Holdings
Aquisição Empréstimo Código de barras Cota Permissão de empréstimo Tipo de documento
Biblioteca Municipal de Redondo Biblioteca Municipal de Redondo 056015 59(084) MIR Consulta presencial Material gráfico

Powered by Koha